LEADER 01202nam2-2200361---450- 001 990003683720203316 005 20120904122953.0 010 $a978-1-4073-0948-4 035 $a000368372 035 $aUSA01000368372 035 $a(ALEPH)000368372USA01 035 $a000368372 100 $a20120904d2012----km-y0itay50------ba 101 0 $aita 102 $aGB 105 $a||||||||001yy 200 1 $aMultifaceted studies in South Asian archaeology$earpitam$efestschrift for Professor Vidula Jayaswal$fedited by S. Rama Krishna Pisipaty 210 $aOxford$cArcheopress$d2012 215 $aXI, 146 p.$cill.$d30 cm 225 2 $aBAR International series$v2361 410 0$1001000018484$12001$aBAR International series$v,2361 606 1 $aScavi archeologici$ySud Asia$2BNCF 676 $a959 702 1$aPISIPATY,$bS. Rama Krishana 801 0$aIT$bsalbc$gISBD 912 $a990003683720203316 951 $aXI.5. Coll. 12/ 992$b236840 L.M.$cXI.5. Coll.$d00316189 959 $aBK 969 $aUMA 979 $aIANNONE$b90$c20120904$lUSA01$h1216 979 $aIANNONE$b90$c20120904$lUSA01$h1229 996 $aMultifaceted studies in South Asian archaeology$91140146 997 $aUNISA LEADER 00938nam a2200253 i 4500 001 991003593869707536 008 080430s2004 enkab b 001 0 eng 020 $a0415262127 035 $ab13721173-39ule_inst 040 $aDip.to Filologia Class. e Scienze Filosofiche$bita 082 00$a937.7 100 1 $aCooley, Alison$0522833 245 10$aPompeii :$ba sourcebook /$cAlison E. Cooley and M.G.L. Cooley 260 $aLondon ;$aNew York :$bRoutledge,$c2004 300 $aXIII, 254 p. :$bill. ;$c24 cm 504 $aBibliografia: p. 232-236. Indici 651 0$aPompei 700 1 $aCooley, Melvin George Lowe 907 $a.b13721173$b03-07-08$c30-04-08 912 $a991003593869707536 945 $aLE007 937 COO 01.01$g1$i2007000143810$lle007$nLE007 2008 Capasso$op$pE27.50$q-$rl$s- $t0$u0$v0$w0$x0$y.i14792242$z03-07-08 996 $aPompeii$91230918 997 $aUNISALENTO 998 $ale007$b30-04-08$cm$da $e-$feng$genk$h0$i0